Normal view MARC view

Entry Personal Name

Number of records used in: 1

001 - CONTROL NUMBER

  • control field: 1337

003 - CONTROL NUMBER IDENTIFIER

  • control field: OSt

005 - DATE AND TIME OF LATEST TRANSACTION

  • control field: 20140925135229.0

008 - FIXED-LENGTH DATA ELEMENTS

  • fixed length control field: 140925|| aca||aabn | a|a d

040 ## - CATALOGING SOURCE

  • Original cataloging agency: OSt
  • Transcribing agency: OSt

100 ## - HEADING--PERSONAL NAME

  • Personal name: Rohen, Johannes W.
  • Fuller form of name: (Johannes Wilhelm)
  • Title of a work: Color atlas of anatomy.

670 ## - SOURCE DATA FOUND

  • Source citation: Work cat.: (OSt)517: Wilson, Jack L. 1334, Dissection manual :, c1993.